Signs - Tate McRae Lyrics - Statistics

General Stats
  • This quiz has been taken 41 times
  • The average score is 274 of 362
Answer Stats
Answer % Correct
a
93%
I
93%
the
93%
you
93%
(you
93%
I'm
89%
see
89%
(See
89%
signs
89%
signs)
89%
go
86%
in
86%
know
86%
me
86%
no
86%
that
86%
better
82%
it
82%
should
82%
so
82%
to
82%
boy
79%
do
79%
if
79%
it's
79%
It's
79%
look
79%
need
79%
Okay
79%
okay
79%
your
79%
you're
79%
all
75%
and
75%
crazy
75%
for
75%
hate
75%
just
75%
means
75%
more
75%
my
75%
on
75%
quick
75%
say
75%
wanna
75%
at
71%
don't
71%
door
71%
lately
71%
like
71%
not
71%
one
71%
opposite
71%
pissed
71%
that's
71%
thinkin'
71%
this
71%
trouble
71%
best
68%
figure
68%
good
68%
kinda
68%
mad
68%
mind
68%
now
68%
out
68%
read
68%
some
68%
space
68%
take
68%
touch
68%
we're
68%
babe
64%
damn
64%
fun
64%
have
64%
oh
64%
rocket
64%
said
64%
scientist
64%
sex
64%
short
64%
tell
64%
god's
61%
or
61%
sake
61%
silences
61%
somethin'
61%
day
57%
away
54%
believe
54%
intelligent
54%
classic
50%
pushin'
50%
shouldn't
50%
whatever
50%
make
46%
instead
43%
of
43%
telepathic
43%
word
43%
batshit
39%
doin'
39%
habit
39%
love
39%
might
39%
assumin'
25%
should've
18%
known)
14%
No matching quizzes found
Score Distribution
Percent of People with Each Score
Percentile by Number Answered
Your Score History
You have not taken this quiz